Toutes les communes de l'Oise sur une carte - Statistiques

Statistiques générales
  • Ce quiz a été pris 1 222 fois
  • Le résultat moyen est 98 sur 679
Réponses sur la Carte
Les réponses sont colorées sur une échelle allant du rouge au vert en fonction du pourcentage des utilisateurs qui les ont devinées à leur premier essai. Vous pouvez retrouver ces pourcentages ci-dessous.
 
Statistiques - réponses
Population Commune % Correct
56 605 Beauvais
93%
40 542 Compiègne
89%
35 800 Creil
85%
11 001 Chantilly
75%
14 891 Senlis
75%
10 183 Clermont
69%
20 298 Nogent-sur-Oise
59%
13 235 Noyon
59%
759 Ville
58%
14 796 Crépy-en-Valois
56%
12 601 Pont-Sainte-Maxence
56%
14 609 Méru
54%
1 147 Ver-sur-Launette
52%
13 461 Montataire
48%
712 Villers-Saint-Frambourg-Ognon
48%
10 174 Chambly
47%
472 Villers-Saint-Barthélemy
47%
395 Villers-Saint-Genest
47%
6 440 Villers-Saint-Paul
47%
1 007 Villers-Saint-Sépulcre
47%
2 327 Villers-sous-Saint-Leu
47%
374 Villers-sur-Auchy
47%
162 Villers-sur-Bonnières
47%
1 396 Villers-sur-Coudun
47%
121 Villers-Vermont
47%
145 Villers-Vicomte
47%
1 839 Pierrefonds
44%
6 033 Saint-Just-en-Chaussée
44%
9 023 Gouvieux
43%
2 872 Saint-Maximin
42%
259 Margny-aux-Cerises
41%
8 521 Margny-lès-Compiègne
41%
537 Margny-sur-Matz
41%
315 Saint-Jean-aux-Bois
41%
4 244 Breteuil
38%
285 Saint-Martin-aux-Bois
38%
1 039 Saint-Martin-le-Nœud
38%
1 478 Saint-Martin-Longueau
38%
1 562 Saint-Paul
38%
2 072 Trosly-Breuil
38%
1 668 Lachapelle-aux-Pots
36%
3 140 La Chapelle-en-Serval
36%
893 Lachapelle-Saint-Pierre
36%
148 Lachapelle-sous-Gerberoy
36%
6 951 Liancourt
36%
599 Liancourt-Saint-Pierre
36%
3 823 Verberie
36%
2 356 Jaux
35%
1 476 Marseille-en-Beauvaisis
35%
3 749 Estrées-Saint-Denis
34%
4 894 Lacroix-Saint-Ouen
34%
3 337 Orry-la-Ville
34%
4 692 Saint-Leu-d'Esserent
34%
4 531 Thourotte
34%
2 876 Venette
34%
2 663 Breuil-le-Sec
33%
3 099 Breuil-le-Vert
33%
5 255 Mouy
33%
2 562 Fitz-James
32%
8 823 Lamorlaye
32%
3 724 Ribécourt-Dreslincourt
32%
710 Saint-Pierre-es-Champs
32%
143 Saint-Pierre-lès-Bitry
32%
1 201 Tillé
32%
1 004 Ermenonville
31%
2 624 Longueil-Annel
31%
1 923 Longueil-Sainte-Marie
31%
1 872 Plailly
31%
4 677 Verneuil-en-Halatte
31%
3 305 Chaumont-en-Vexin
30%
3 283 Choisy-au-Bac
30%
241 Choisy-la-Victoire
30%
3 519 Crèvecœur-le-Grand
30%
152 Crèvecœur-le-Petit
30%
3 620 Le Plessis-Belleville
30%
1 359 Le Plessis-Brion
30%
99 Le Plessis-Patte-d'Oie
30%
4 249 Nanteuil-le-Haudouin
30%
3 818 Neuilly-en-Thelle
30%
1 659 Neuilly-sous-Clermont
30%
1 692 Ressons-sur-Matz
30%
4 051 Bresles
29%
3 954 Coye-la-Forêt
29%
4 712 Laigneville
29%
2 880 Grandvilliers
27%
2 285 Le Meux
26%
1 176 Villeneuve-les-Sablons
26%
652 Villeneuve-sur-Verberie
26%
2 864 Auneuil
25%
1 020 Béthisy-Saint-Martin
25%
3 063 Béthisy-Saint-Pierre
25%
2 022 Chevrières
25%
901 Fresnoy-en-Thelle
25%
665 Fresnoy-la-Rivière
25%
505 Fresnoy-le-Luat
25%
961 La Neuville-en-Hez
25%
940 La Neuville-Roy
25%
156 La Neuville-Saint-Pierre
25%
321 La Neuville-sur-Oudeuil
25%
208 La Neuville-sur-Ressons
25%
199 La Neuville-Vault
25%
1 549 Sacy-le-Grand
25%
574 Sacy-le-Petit
25%
1 596 Allonne
24%
1 894 Attichy
24%
242 Fontaine-Bonneleau
24%
342 Fontaine-Chaalis
24%
509 Fontaine-Lavaganne
24%
172 Fontaine-Saint-Lucien
24%
2 685 Maignelay-Montigny
24%
644 Rethondes
24%
1 728 Saint-Sauveur
24%
3 986 Cires-lès-Mello
23%
2 190 Clairoix
23%
776 Monchy-Humières
23%
2 197 Monchy-Saint-Éloi
23%
463 Roye-sur-Matz
23%
3 301 Sainte-Geneviève
23%
3 047 Agnetz
22%
544 Auteuil
22%
529 Lagny
22%
2 056 Lagny-le-Sec
22%
627 Mareuil-la-Motte
22%
1 611 Mareuil-sur-Ourcq
22%
3 250 Pontpoint
22%
1 881 Remy
22%
1 007 Bonneuil-en-Valois
21%
796 Bonneuil-les-Eaux
21%
2 581 Cauffry
21%
1 783 Grandfresnoy
21%
1 384 Lassigny
21%
783 Saint-Léger-aux-Bois
21%
348 Saint-Léger-en-Bray
21%
1 140 Betz
20%
1 209 Chiry-Ourscamp
20%
562 Gournay-sur-Aronde
20%
872 Les Hauts-Talican
20%
1 756 Milly-sur-Thérain
20%
2 814 Noailles
20%
349 Ormoy-le-Davien
20%
660 Ormoy-Villers
20%
232 Plessis-de-Roye
20%
3 212 Précy-sur-Oise
20%
250 Rouville
20%
302 Saint-Étienne-Roilaye
20%
428 Saint-Remy-en-l'Eau
20%
643 Saint-Vaast-de-Longmont
20%
1 045 Saint-Vaast-lès-Mello
20%
1 163 Silly-le-Long
20%
445 Silly-Tillard
20%
629 Vieux-Moulin
20%
889 Avilly-Saint-Léonard
19%
2 156 Boran-sur-Oise
19%
4 799 Bornel
19%
1 167 Cambronne-lès-Clermont
19%
1 951 Cambronne-lès-Ribécourt
19%
910 Chamant
19%
2 196 Cuise-la-Motte
19%
88 Gerberoy
19%
863 Mortefontaine
19%
925 Mortefontaine-en-Thelle
19%
658 Néry
19%
497 Neuville-Bosc
19%
483 Saint-Germain-la-Poterie
19%
504 Thury-en-Valois
19%
674 Thury-sous-Clermont
19%
464 Aumont-en-Halatte
18%
643 Bailleul-le-Soc
18%
2 247 Bailleul-sur-Thérain
18%
764 Baron
18%
985 Boissy-Fresnoy
18%
1 929 Fleurines
18%
1 804 Guiscard
18%
673 Montagny-en-Vexin
18%
415 Montagny-Sainte-Félicité
18%
483 Montreuil-sur-Brêche
18%
243 Montreuil-sur-Thérain
18%
79 Mory-Montcrux
18%
2 526 Rantigny
18%
629 Rosoy
18%
603 Rosoy-en-Multien
18%
516 Saint-André-Farivillers
18%
1 069 Saintines
18%
1 730 Tracy-le-Mont
18%
1 082 Tracy-le-Val
18%
986 Vaumoise
18%
574 Barbery
17%
1 521 Carlepont
17%
983 Cuts
17%
435 Duvy
17%
2 120 Formerie
17%
391 Mont-l'Évêque
17%
1 083 Morienval
17%
415 Puiseux-en-Bray
17%
857 Puiseux-le-Hauberger
17%
135 Raray
17%
363 Roberval
17%
988 Rochy-Condé
17%
202 Saint-Crépin-aux-Bois
17%
1 548 Saint-Crépin-Ibouvillers
17%
282 Saint-Quentin-des-Prés
17%
535 Trumilly
17%
690 Vauciennes
17%
277 Vez
17%
859 Acy-en-Multien
16%
763 Arsy
16%
209 Béthancourt-en-Valois
16%
883 Bulles
16%
1 106 Crouy-en-Thelle
16%
1 001 Lévignen
16%
556 Oroër
16%
600 Orrouy
16%
1 150 Péroy-les-Gombries
16%
723 Rully
16%
1 070 Thiers-sur-Thève
16%
1 408 Vineuil-Saint-Firmin
16%
1 401 Angicourt
15%
654 Apremont
15%
529 Auger-Saint-Vincent
15%
2 013 Brenouille
15%
1 572 Cinqueux
15%
1 067 Coudun
15%
288 Éméville
15%
642 Gilocourt
15%
80 Le Mesnil-Conteville
15%
2 217 Le Mesnil-en-Thelle
15%
227 Le Mesnil-Saint-Firmin
15%
268 Le Mesnil-sur-Bulles
15%
789 Le Mesnil-Théribus
15%
454 Pontoise-lès-Noyon
15%
1 556 Rieux
15%
1 153 Saint-Aubin-en-Bray
15%
332 Saint-Aubin-sous-Erquery
15%
1 032 Saint-Sulpice
15%
281 Séry-Magneval
15%
1 934 Trie-Château
15%
307 Trie-la-Ville
15%
399 Amy
14%
1 161 Angy
14%
860 Aux Marais
14%
2 966 Bury
14%
1 039 Catenoy
14%
714 Esquennoy
14%
771 Étouy
14%
427 Feigneux
14%
376 Glaignes
14%
1 467 Goincourt
14%
203 Gondreville
14%
2 504 Hermes
14%
692 Lachelle
14%
1 167 Les Ageux
14%
626 Mello
14%
833 Pontarmé
14%
893 Salency
14%
1 381 Tricot
14%
1 268 Troissereux
14%
1 173 Warluis
14%
496 Abbeville-Saint-Lucien
13%
271 Autheuil-en-Valois
13%
1 153 Avrechy
13%
629 Bailly
13%
782 Berneuil-en-Bray
13%
1 001 Berneuil-sur-Aisne
13%
316 Bitry
13%
490 Chelles
13%
208 Courcelles-Epayelles
13%
815 Courcelles-lès-Gisors
13%
809 Cramoisy
13%
294 Cuvergnon
13%
421 Ève
13%
383 Neufchelles
13%
196 Russy-Bémont
13%
2 742 Sérifontaine
13%
1 013 Songeons
13%
1 242 Wavignies
13%
555 Armancourt
12%
1 693 Balagny-sur-Thérain
12%
416 Brétigny
12%
771 Canly
12%
897 Froissy
12%
309 Grandvillers-aux-Bois
12%
890 Jaulzy
12%
605 Jonquières
12%
1 036 Jouy-sous-Thelle
12%
819 La Rue-Saint-Pierre
12%
523 Le Fay-Saint-Quentin
12%
628 Méry-la-Bataille
12%
140 Montépilloy
12%
620 Moyenneville
12%
685 Moyvillers
12%
1 061 Nointel
12%
138 Rhuis
12%
379 Saint-Maur
12%
1 240 Saint-Omer-en-Chaussée
12%
1 065 Therdonne
12%
370 Versigny
12%
1 748 Amblainville
11%
258 Antilly
11%
590 Auchy-la-Montagne
11%
334 Bargny
11%
608 Belle-Église
11%
311 Boursonne
11%
648 Brégy
11%
1 651 Cauvigny
11%
568 Couloisy
11%
586 Courteuil
11%
853 Dieudonné
11%
856 Élincourt-Sainte-Marguerite
11%
596 Erquery
11%
1 592 Esches
11%
560 Fleury
11%
131 Fontenay-Torcy
11%
548 Francières
11%
255 Ivors
11%
1 175 Laversines
11%
675 Marolles
11%
1 494 Mogneville
11%
838 Monceaux
11%
222 Monceaux-l'Abbaye
11%
1 104 Montmacq
11%
1 398 Ons-en-Bray
11%
469 Rouvres-en-Multien
11%
626 Saint-Félix
11%
1 713 Saint-Germer-de-Fly
11%
437 Thieux
11%
1 073 Thiverny
11%
1 879 Ully-Saint-Georges
11%
635 Abancourt
10%
797 Abbecourt
10%
383 Airion
10%
1 468 Bailleval
10%
253 Baugy
10%
66 Beaurepaire
10%
448 Bienville
10%
1 187 Blaincourt-lès-Précy
10%
338 Borest
10%
466 Boulogne-la-Grasse
10%
108 Brasseuse
10%
843 Chevincourt
10%
417 Chèvreville
10%
715 Conchy-les-Pots
10%
918 Crisolles
10%
1 607 Ercuis
10%
151 Étavigny
10%
540 Hardivillers
10%
668 Houdancourt
10%
675 Janville
10%
1 347 Laboissière-en-Thelle
10%
205 Moulin-sous-Touvent
10%
294 Ognes
10%
677 Pont-l'Évêque
10%
327 Reuil-sur-Brêche
10%
610 Rivecourt
10%
120 Rocquemont
10%
865 Savignies
10%
3 292 Andeville
9%
1 191 Ansauvillers
9%
412 Antheuil-Portes
9%
544 Appilly
9%
379 Avrigny
9%
515 Babœuf
9%
602 Beaulieu-les-Fontaines
9%
1 625 Berthecourt
9%
395 Bouillancy
9%
220 Boullarre
9%
319 Bussy
9%
506 Cannectancourt
9%
631 Cuvilly
9%
1 377 Feuquières
9%
519 Frocourt
9%
26 Gouy-les-Groseillers
9%
336 Hautefontaine
9%
460 Hémévillers
9%
634 Herchies
9%
718 Hondainville
9%
804 Ivry-le-Temple
9%
160 La Villeneuve-sous-Thury
9%
213 Le Plessier-sur-Bulles
9%
521 Le Plessier-sur-Saint-Just
9%
360 Litz
9%
749 Machemont
9%
756 Mélicocq
9%
199 Montlognon
9%
378 Morangles
9%
278 Passel
9%
860 Pimprez
9%
927 Rainvillers
9%
1 081 Ravenel
9%
138 Rosières
9%
274 Rouvillers
9%
755 Thiescourt
9%
738 Verderel-lès-Sauqueuse
9%
487 Verderonne
9%
290 Wacquemoulin
9%
275 Ansacq
8%
721 Autrêches
8%
489 Bacouël
8%
345 Bazicourt
8%
574 Blacourt
8%
101 Blincourt
8%
396 Canny-sur-Matz
8%
227 Canny-sur-Thérain
8%
546 Catillon-Fumechon
8%
320 Corbeil-Cerf
8%
443 Cressonsacq
8%
498 Crillon
8%
207 Croutoy
8%
602 Éragny-sur-Epte
8%
198 Foulangues
8%
429 Fouquenies
8%
282 Fouquerolles
8%
525 Fournival
8%
484 Francastel
8%
539 Giraumont
8%
624 Heilles
8%
493 Hodenc-en-Bray
8%
245 Hodenc-l'Évêque
8%
700 Labruyère
8%
610 La Houssoye
8%
223 Le Fayel
8%
645 Le Mont-Saint-Adrien
8%
706 Lieuvillers
8%
648 Luchy
8%
402 Marest-sur-Matz
8%
239 Maysel
8%
418 Montiers
8%
172 Monts
8%
82 Mouchy-le-Châtel
8%
317 Nampcel
8%
279 Neufvy-sur-Aronde
8%
503 Pisseleu
8%
1 119 Ponchon
8%
396 Porquéricourt
8%
379 Pronleroy
8%
398 Quincampoix-Fleuzy
8%
147 Réez-Fosse-Martin
8%
217 Rémérangles
8%
307 Rousseloy
8%
779 Sempigny
8%
930 Valdampierre
8%
295 Valescourt
8%
272 Vandélicourt
8%
287 Varinfroy
8%
403 Achy
7%
178 Angivillers
7%
255 Avricourt
7%
352 Blicourt
7%
475 Bonlier
7%
178 Bonnières
7%
171 Braisnes-sur-Aronde
7%
296 Cernoy
7%
314 Chambors
7%
182 Courtieux
7%
261 Croissy-sur-Celle
7%
400 Dives
7%
558 Essuiles
7%
473 Ferrières
7%
438 Fresne-Léguillon
7%
341 Gannes
7%
381 Guignecourt
7%
240 Gury
7%
650 Hanvoile
7%
801 Haudivillers
7%
850 Hénonville
7%
1 009 La Drenne
7%
514 Larbroye
7%
883 Le Coudray-Saint-Germer
7%
539 Le Coudray-sur-Thelle
7%
551 Léglantiers
7%
1 310 Lormaison
7%
406 Maimbeville
7%
478 Marquéglise
7%
264 Montmartin
7%
223 Mortemer
7%
188 Nivillers
7%
366 Novillers
7%
869 Noyers-Saint-Martin
7%
521 Orvillers-Sorel
7%
578 Paillart
7%
404 Plainval
7%
606 Senantes
7%
567 Suzoy
7%
258 Vauchelles
7%
461 Vendeuil-Caply
7%
435 Vignemont
7%
338 Beaurains-lès-Noyon
6%
207 Béhéricourt
6%
89 Belloy
6%
527 Blargies
6%
347 Brunvillers-la-Motte
6%
193 Bucamps
6%
504 Caisnes
6%
157 Campagne
6%
304 Candor
6%
191 Catigny
6%
447 Chepoix
6%
204 Crapeaumesnil
6%
246 Cuignières
6%
956 Cuigy-en-Bray
6%
220 Cuy
6%
315 Domfront
6%
252 Épineuse
6%
184 Erquinvillers
6%
470 Fay-les-Étangs
6%
662 Flavacourt
6%
141 Fouilleuse
6%
330 Genvry
6%
315 Juvignies
6%
195 Lachaussée-du-Bois-d'Écu
6%
367 Lafraye
6%
640 Lalande-en-Son
6%
191 Lamécourt
6%
118 Lataule
6%
550 Lavilletertre
6%
416 Lihus
6%
164 Maisoncelle-Saint-Pierre
6%
295 Maisoncelle-Tuilerie
6%
130 Martincourt
6%
103 Ménévillers
6%
820 Monneville
6%
1 301 Montchevreuil
6%
540 Morlincourt
6%
576 Muirancourt
6%
245 Noroy
6%
285 Ognolles
6%
270 Oudeuil
6%
336 Parnes
6%
372 Pierrefitte-en-Beauvaisis
6%
320 Quinquempoix
6%
78 Rémécourt
6%
296 Ricquebourg
6%
196 Rocquencourt
6%
216 Rotangy
6%
211 Saint-Arnoult
6%
292 Saint-Thibault
6%
62 Saint-Valery
6%
267 Sermaize
6%
366 Varesnes
6%
33 Vrocourt
6%
252 Welles-Pérennes
6%
99 Beaugies-sous-Bois
5%
225 Beauvoir
5%
325 Berlancourt
5%
174 Biermont
5%
202 Bonvillers
5%
342 Boury-en-Vexin
5%
482 Campremy
5%
175 Chavençon
5%
487 Delincourt
5%
241 Dompierre
5%
308 Écuvilly
5%
52 Élencourt
5%
225 Évricourt
5%
214 Flavy-le-Meldeux
5%
343 Fréniches
5%
164 Fresnières
5%
259 Frétoy-le-Château
5%
347 Gaudechart
5%
226 Glatigny
5%
398 Golancourt
5%
352 Grandrû
5%
466 Grémévillers
5%
82 Hainvillers
5%
139 Haucourt
5%
321 Jaméricourt
5%
200 Laberlière
5%
443 Labosse
5%
535 La Corne-en-Vexin
5%
241 La Hérelle
5%
490 Lalandelle
5%
180 Libermont
5%
219 Lierville
5%
246 Maucourt
5%
245 Mondescourt
5%
141 Muidorge
5%
325 Nourard-le-Franc
5%
162 Plainville
5%
627 Porcheux
5%
160 Pouilly
5%
179 Quesmy
5%
128 Reilly
5%
54 Rouvroy-les-Merles
5%
266 Sarcus
5%
346 Senots
5%
141 Solente
5%
482 Sommereux
5%
171 Sully
5%
676 Talmontiers
5%
266 Tartigny
5%
242 Velennes
5%
203 Viefvillers
5%
252 Villembray
5%
423 Villeselve
5%
165 Wambez
5%
121 Bazancourt
4%
145 Blancfossé
4%
409 Boubiers
4%
385 Bouconvillers
4%
213 Boutencourt
4%
156 Bouvresse
4%
288 Briot
4%
162 Broyes
4%
146 Buicourt
4%
107 Catheux
4%
499 Cempuis
4%
248 Coivrel
4%
73 Conteville
4%
407 Cormeilles
4%
130 Énencourt-Léage
4%
212 Ernemont-Boutavent
4%
506 Espaubourg
4%
221 Godenvillers
4%
115 Gourchelles
4%
375 Hadancourt-le-Haut-Clocher
4%
153 Hécourt
4%
36 Laverrière
4%
180 Le Crocq
4%
249 Le Frestoy-Vaux
4%
113 Le Ployron
4%
219 Le Quesnel-Aubry
4%
388 Le Vaumain
4%
502 Le Vauroux
4%
192 Lhéraule
4%
335 Loconville
4%
151 Loueuse
4%
322 Maulers
4%
1 151 Moliens
4%
179 Montgérain
4%
481 Montjavoult
4%
181 Noirémont
4%
240 Oursel-Maison
4%
205 Puits-la-Vallée
4%
206 Royaucourt
4%
277 Sains-Morainvillers
4%
329 Sainte-Eusoye
4%
248 Saint-Samson-la-Poterie
4%
214 Serans
4%
175 Thibivillers
4%
173 Tourly
4%
170 Vaudancourt
4%
192 Beaudéduit
3%
255 Brombos
3%
245 Broquiers
3%
487 Campeaux
3%
102 Choqueuse-les-Bénards
3%
216 Daméraucourt
3%
250 Dargies
3%
252 Doméliers
3%
218 Escames
3%
92 Fléchy
3%
207 Fouilloy
3%
451 Halloy
3%
140 Hannaches
3%
195 Hautbos
3%
274 Haute-Épine
3%
121 Héricourt-sur-Thérain
3%
316 Hétomesnil
3%
283 Lannoy-Cuillère
3%
157 Lattainville
3%
201 Lavacquerie
3%
175 Le Gallet
3%
187 Le Hamel
3%
483 Morvillers
3%
156 Mureaumont
3%
116 Offoy
3%
197 Omécourt
3%
534 Romescamps
3%
313 Roy-Boissy
3%
348 Sarnois
3%
135 Sérévillers
3%
328 Troussencourt
3%
166 Escles-Saint-Pierre
2%
267 Grez
2%
102 Le Saulchoy
2%
237 Prévillers
2%
225 Rothois
2%
84 Saint-Deniscourt
2%
198 Thérines
2%
414 Thieuloy-Saint-Antoine
2%
Aucun quiz correspondant
Distribution des résultats
% des personnes avec chaque résultat
Percentile par nombre de réponses
Votre historique - résultats
Vous n’avez pas pris ce quiz